| 000 | 00777nam a2200241 a 4500 | ||
|---|---|---|---|
| 999 |
_c390 _d390 |
||
| 003 | BD-JhCC | ||
| 005 | 20171004171211.0 | ||
| 008 | 171004s1981 ben |||| ||a| 000 0 ben d | ||
| 020 | _a9481200023 | ||
| 035 | _a(BD-JhCC) | ||
| 040 |
_dBD-jhcc _aBD-JhCC |
||
| 041 | _aben | ||
| 082 |
_a304.60954920907 _b1981 |
||
| 100 | _aরায়, অজয় | ||
| 110 | _aরায়,অজয় | ||
| 245 |
_aআমাদের জাতীয়তার বিকােশর ধারা / _cঅজয় রায় |
||
| 260 |
_aঢাকা: _bজাতীয় সাহিত্য প্রকাশনী, _c1981 |
||
| 300 |
_a88 p.: _c22 cm. |
||
| 651 | _aBangldesh | ||
| 942 |
_2ddc _cBK |
||